[Event "Gausdal Int"]
[Site "Gausdal"]
[Date "1993.??.??"]
[Round "8"]
[White "Reeh, Oliver"]
[Black "Ulfarsson, Magnus Orn"]
[Result "1-0"]
[WhiteElo "2435"]
[BlackElo "2290"]

1.d4 Nf6 2.c4 e6 3.Nf3 Bb4+ 4.Nbd2 b6 5.e3 Bb7 6.Bd3 O-O 7.O-O d5 8.a3 Bxd2
9.Bxd2 dxc4 10.Bxc4 Ne4 11.Bb4 c5 12.dxc5 bxc5 13.Qxd8 Rxd8 14.Ba5 Rc8 15.Ne5 Nc6
16.Nxc6 Bxc6 17.Rfd1 Rab8 18.f3 Nf6 19.Ba6 Bb7 20.Bf1 Nd5 21.Bd2 Bc6 22.e4 Ne7
23.b4 cxb4 24.axb4 Bb5 25.Bf4 Rb7 26.Bxb5 Rxb5 27.Rd7 Nc6 28.Rc1 g5 29.Be3 Kg7
30.Rd6 Ne7 31.Rxc8 Nxc8 32.Rc6 Nb6 33.Rc5 Rxc5 34.bxc5 Nc8 35.Bxg5 f6 36.Bd2 Kf7
37.Kf2 Ke7 38.Ke3 Kd7 39.Kd4 Kc6 40.Kc4 Ne7 41.g4 f5 42.Bg5 Ng6 43.Bf6 fxg4
44.fxg4 Nf8 45.h4 Nd7 46.g5 Nxc5 47.e5 a5 48.h5 a4 49.g6 hxg6 50.hxg6 a3
51.g7 a2 52.g8=Q a1=Q 53.Qc8+ Kb6 54.Bd8+  1-0

[Event "Geneve op"]
[Site "Geneve"]
[Date "1993.??.??"]
[Round "7"]
[White "Epishin, Vladimir"]
[Black "Kosten, Anthony C"]
[Result "1-0"]
[WhiteElo "2620"]
[BlackElo "2505"]

1.d4 e6 2.c4 Nf6 3.Nf3 Bb4+ 4.Nbd2 b6 5.a3 Bxd2+ 6.Bxd2 Bb7 7.Bg5 d6 8.e3 Nbd7
9.Qc2 Qe7 10.Rd1 Be4 11.Qa4 O-O 12.Bh4 a6 13.Bd3 Bxd3 14.Rxd3 e5 15.Rd1 exd4
16.Rxd4 Ne5 17.O-O Nxf3+ 18.gxf3 Qe6 19.Bg3 a5 20.Rfd1 Qe8 21.Qc2 a4 22.e4 Nd7
23.f4 f6 24.Rd5 Rf7 25.f3 Re7 26.Kh1 Nc5 27.Rg1 Qf7 28.Be1 Rd8 29.Bc3 c6
30.Rd2 d5 31.exd5 cxd5 32.Qf5 Red7 33.Bxf6 g6 34.Rdg2 dxc4 35.Rxg6+ hxg6
36.Rxg6+ Kf8 37.Rh6 Rd1+ 38.Kg2 R8d2+ 39.Kh3 Qe6 40.Bg7+ Kxg7 41.Rxe6 Nxe6
42.Qxe6 Rh1 43.Qe5+ Kh7 44.Qc7+ Kh8 45.f5 Rhxh2+ 46.Kg3 Rxb2 47.f6 Rbg2+
48.Kf4 Rg8 49.Qe7 Rh4+ 50.Ke3 Rh1 51.Kd4 Rd1+ 52.Kxc4 Rdd8 53.f4 b5+ 54.Kxb5 Rc8
55.f7 Rgf8 56.Qf6+ Kh7 57.f5 Rb8+ 58.Kxa4 Ra8+ 59.Kb3 Rxa3+ 60.Kxa3 Ra8+
61.Kb3 Ra3+ 62.Kc2 Ra2+ 63.Kb1  1-0

[Event "BL2-S9293"]
[Site "Germany"]
[Date "1993.??.??"]
[Round "?"]
[White "Klebel, Martin"]
[Black "Hulak, Krunoslav"]
[Result "1-0"]
[WhiteElo "2410"]
[BlackElo "2540"]

1.d4 Nf6 2.c4 e6 3.Nf3 Bb4+ 4.Nbd2 O-O 5.a3 Bxd2+ 6.Qxd2 b6 7.e3 Bb7 8.Bd3 d6
9.b4 Nbd7 10.Bb2 Qe7 11.O-O e5 12.dxe5 dxe5 13.Bf5 e4 14.Nd4 Ne5 15.Qc3 Rfe8
16.Rad1 a5 17.Nb5 Nd3 18.Ba1 axb4 19.axb4 c5 20.bxc5 Qxc5 21.Rxd3 exd3 22.Qxd3 Ne4
23.Qd4 Rxa1 24.Rxa1 Qxf5 25.f3 Qg5 26.fxe4 Rxe4 27.Qxb6 h5 28.Rf1 Re7 29.Qd8+ Kh7
30.Qd2 Rd7 31.Qf2 g6 32.Nc3 Qc5 33.Qf4 f5 34.Rd1 Rxd1+ 35.Nxd1 Qc6 36.Qg5 Qe6
37.h4 Bc6 38.Qf4 Be4 39.Qc7+ Kg8 40.Nf2 Bc6 41.Qf4 Qe7 42.Nh3 Kg7 43.Ng5 Ba8
44.Qd4+ Kg8 45.Qb6 Kg7 46.Qb2+ Qf6 47.Qa3 Bb7 48.Qc5 Kg8 49.Qc7 Bc6 50.Qc8+ Kg7
51.Ne6+ Kh6 52.Qxc6 Qxh4 53.Nf4  1-0

[Event "BL2-S9293"]
[Site "Germany"]
[Date "1993.??.??"]
[Round "?"]
[White "Mozny, Milos"]
[Black "Hulak, Krunoslav"]
[Result "0-1"]
[WhiteElo "2410"]
[BlackElo "2540"]

1.d4 Nf6 2.Nf3 e6 3.c4 Bb4+ 4.Nbd2 b6 5.g3 Bb7 6.Bg2 O-O 7.O-O a5 8.a3 Bxd2
9.Bxd2 d6 10.Qc2 Be4 11.Qc3 a4 12.Rad1 Nbd7 13.Bg5 Qb8 14.Nd2 Bxg2 15.Kxg2 c5
16.Bxf6 Nxf6 17.Nf3 Rc8 18.b4 axb3 19.Qxb3 Qc7 20.Rd3 d5 21.dxc5 bxc5 22.Qc2 d4
23.Rb3 e5 24.Nd2 Qc6+ 25.Kg1 e4 26.Rfb1 Qe6 27.Kg2 Re8 28.h3 h5 29.Rb5 e3
30.Nf1 Ne4 31.Rb6 Qf5 32.f3 Nxg3 33.Qxf5 Nxf5 34.Rc6 d3 35.Rxc5 Nd4 36.Ng3 Ne6
37.Rcb5 h4 38.Nf5 Nf4+ 39.Kf1 Nxe2 40.R5b3 Nf4  0-1

[Event "BL2-S9293"]
[Site "Germany"]
[Date "1993.??.??"]
[Round "?"]
[White "Roeder, Mathias"]
[Black "Becker, Marc"]
[Result "1/2-1/2"]
[WhiteElo "2405"]
[BlackElo "2380"]

1.d4 Nf6 2.c4 e6 3.Nf3 Bb4+ 4.Nbd2 O-O 5.a3 Bxd2+ 6.Bxd2 d6 7.Bg5 Nbd7 8.e3 Re8
9.Be2 h6 10.Bh4 Nf8 11.Nd2 Ng6 12.Bg3 e5 13.O-O exd4 14.exd4 d5 15.Bf3 dxc4
16.Nxc4 Ne4 17.d5 Nxg3 18.hxg3 Bf5 19.Qd4 Ne7 20.Rfd1 Nc8 21.d6 Nxd6 22.Nxd6 Qxd6
23.Qxd6 cxd6 24.Bxb7 Rab8 25.Bc6 Rec8 26.Bf3 Rxb2 27.Rxd6 g6 28.g4 Be6 29.Bd5 Bxd5
30.Rxd5  1/2-1/2

[Event "GER CupT"]
[Site "Germany"]
[Date "1993.??.??"]
[Round "?"]
[White "Lingnau, Carsten"]
[Black "Schlingensiepen, Christian"]
[Result "1-0"]
[WhiteElo "2415"]
[BlackElo "2315"]

1.d4 Nf6 2.Nf3 e6 3.c4 Bb4+ 4.Nbd2 O-O 5.a3 Bxd2+ 6.Bxd2 d6 7.Bg5 Nbd7 8.e3 Qe7
9.Be2 e5 10.O-O exd4 11.exd4 h6 12.Bh4 Nb6 13.Re1 Bg4 14.Nd2 Bxe2 15.Rxe2 Qd8
16.Qc2 g5 17.Bg3 Qd7 18.c5 dxc5 19.dxc5 Nbd5 20.Nc4 Nh5 21.Rd1 c6 22.Nd6 Nhf4
23.Ree1 f6 24.Nf5 Qh7 25.Bxf4 gxf4 26.Ne7+ Nxe7 27.Qxh7+ Kxh7 28.Rxe7+ Kg6
29.Rxb7 Rab8 30.Rxb8 Rxb8 31.b4 a5 32.Rd4 Kf5 33.g3 fxg3 34.hxg3 axb4 35.axb4 Ra8
36.Kg2 h5 37.Rf4+ Kg5 38.Kf3 Ra2 39.Rd4 Rb2 40.Ke3 Kf5 41.Rf4+ Kg5 42.Kf3 Ra2
43.Ke3 Rb2 44.Kd3 h4 45.Rxh4 Rxf2 46.Rh8 Rf3+ 47.Kd4 Ra3 48.Rc8 Ra4 49.Kc4 Ra6
50.Rb8 Ra3 51.Rb6 Rxg3 52.Rxc6 f5 53.Rc8 f4 54.c6 f3 55.Rg8+ Kf4 56.Rf8+  1-0

[Event "NRW-Liga II 9293"]
[Site "Germany"]
[Date "1993.??.??"]
[Round "?"]
[White "Stoeber, Michael"]
[Black "Goy, Udo"]
[Result "1-0"]
[WhiteElo "2190"]
[BlackElo "2210"]

1.d4 Nf6 2.Nf3 e6 3.c4 Bb4+ 4.Nbd2 d5 5.e3 O-O 6.a3 Bxd2+ 7.Bxd2 Ne4 8.Bd3 Nxd2
9.Qxd2 Nc6 10.O-O-O dxc4 11.Bxc4 a6 12.Qc2 Qf6 13.Bd3 h6 14.Be4 Bd7 15.Ne5 Rfd8
16.Nxd7 Rxd7 17.Bxc6 bxc6 18.Qxc6 Rdd8 19.Rd2 a5 20.Rc2 g6 21.Kb1 Qf5 22.Qf3 Qb5
23.Rxc7 f5 24.Qg3 g5 25.Rhc1 Rab8 26.R1c2 Rb6 27.Ra7 f4 28.exf4 Rdb8 29.Qc3 Qf5
30.Ka1 Qxf4 31.d5 Qf8 32.Qc7 Qf6 33.Qxb6  1-0

[Event "NRW-Liga II 9293"]
[Site "Germany"]
[Date "1993.??.??"]
[Round "?"]
[White "Stoeber, Michael"]
[Black "Kruszynski, Wlodzimierz"]
[Result "0-1"]
[WhiteElo "2190"]
[BlackElo "2380"]

1.d4 Nf6 2.Nf3 e6 3.c4 Bb4+ 4.Nbd2 O-O 5.a3 Be7 6.e4 d5 7.cxd5 exd5 8.e5 Nfd7
9.b4 a5 10.b5 c5 11.Bd3 cxd4 12.Qc2 h6 13.Nb3 Re8 14.O-O Bf8 15.Re1 a4 16.Nbxd4 Nc5
17.Bh7+ Kh8 18.Bb2 Bg4 19.Rad1 Nbd7 20.Bf5 Bxf3 21.Nxf3 Nb6 22.e6 Nxe6 23.Ne5 Qc7
24.Qd2 Kg8 25.Bb1 Bd6 26.Rc1 Qd8 27.Qd3 Nf8 28.Qd4 Bxe5 29.Rxe5 Rxe5 30.Qxe5 f6
31.Qg3 Nc4 32.Bd4 Qe7 33.Bd3 Kh8 34.Qf4 Qxa3 35.Bxf6 Qxd3 36.Qxh6+ Qh7 37.Bxg7+ Kg8
38.Bxf8 Qxh6 39.Bxh6 a3 40.Be3 Ra5 41.Kf1 Rxb5 42.Ke2 Rb2+ 43.Kd3 b5 44.Kd4 a2
45.Ra1 Nxe3  0-1

[Event "Hessenliga"]
[Site "Germany"]
[Date "1993.??.??"]
[Round "?"]
[White "Lex, Christoph"]
[Black "Schnelzer, Reinhard"]
[Result "1-0"]
[WhiteElo "2245"]
[BlackElo "2285"]

1.d4 Nf6 2.Nf3 e6 3.c4 Bb4+ 4.Nbd2 d5 5.Qa4+ Nc6 6.a3 Be7 7.e3 Bd7 8.Qc2 a5
9.b3 O-O 10.Bd3 Re8 11.O-O Bd6 12.Bb2 g6 13.Ne5 Bf8 14.f4 Bg7 15.Rae1 Nxe5
16.fxe5 Ng4 17.h3 Nh6 18.e4 Bc6 19.exd5 exd5 20.Nf3 a4 21.b4 dxc4 22.Bxc4 Nf5
23.e6 fxe6 24.Rxe6 Rxe6 25.Bxe6+ Kh8 26.Bxf5 Bxf3 27.Rxf3 gxf5 28.d5 Qd7
29.Rxf5 Re8 30.Qf2 Bxb2 31.Qxb2+ Qg7 32.Qf2 Kg8 33.Rf3 Qe5 34.Rg3+ Kh8 35.Qf7 Qxg3
36.Qxe8+ Kg7 37.Qe7+ Kg6 38.b5 Qc3 39.Kh2 Qc4 40.Qe6+ Kg7 41.Qe5+ Kf7 42.Qf5+ Kg7
43.b6 cxb6 44.d6 Qd4 45.d7 Qd6+ 46.Kg1 Qd4+ 47.Kf1 Qd1+ 48.Kf2 Qd2+ 49.Kf3 Qc3+
50.Kg4 Qd4+ 51.Kh5  1-0

[Event "BL2-S9293"]
[Site "Germany"]
[Date "1993.??.??"]
[Round "?"]
[White "Roeder, Mathias"]
[Black "Holzhaeuer, Mathias"]
[Result "1-0"]
[WhiteElo "2405"]
[BlackElo "2340"]

1.d4 Nf6 2.c4 e6 3.Nf3 Bb4+ 4.Nbd2 b6 5.a3 Bxd2+ 6.Bxd2 Bb7 7.Bg5 h6 8.Bh4 g5
9.Bg3 Ne4 10.d5 Nxg3 11.hxg3 Qf6 12.Qd2 d6 13.e3 Nd7 14.Rd1 O-O-O 15.b4 Ne5
16.Be2 c5 17.a4 Nxf3+ 18.Bxf3 Qe5 19.a5 f5 20.dxe6 Qxe6 21.axb6 axb6 22.Qc3 Rh7
23.Bxb7+ Rxb7 24.bxc5 bxc5 25.O-O Rb4 26.Rd5 Kc7 27.Rfd1 Rd7 28.Ra1 Kb6 29.Qa3 Rb7
30.Qa6+ Kc7 31.Rxc5+ Kd7 32.Qc6+ Ke7 33.Rb5 Qd7 34.Qxd7+ Kxd7 35.Rxf5 Rxc4
36.Rf7+ Kc6 37.Ra6+ Kb5 38.Rxb7+ Kxa6 39.Rd7 Rc6 40.Rh7 d5 41.Rd7 Rc1+ 42.Kh2 Rf1
43.f3 Rd1 44.e4 d4 45.e5 Kb5 46.e6 Re1 47.Rxd4 Rxe6 48.Kh3 Kc5 49.Rd8 Re1
50.Kg4 Rh1 51.f4 gxf4 52.gxf4 Kc6 53.Kf5 Kc7 54.Rd3 h5 55.g4 h4 56.g5 h3
57.g6 h2 58.Rd2 Kc6 59.Kf6  1-0

[Event "BL2-W9293"]
[Site "Germany"]
[Date "1993.??.??"]
[Round "?"]
[White "Heinbuch, Detlef"]
[Black "Wiemer, Ralf"]
[Result "1/2-1/2"]
[WhiteElo "2360"]
[BlackElo "2300"]

1.d4 Nf6 2.Nf3 e6 3.c4 Bb4+ 4.Nbd2 O-O 5.a3 Bxd2+ 6.Qxd2 Ne4 7.Qc2 f5 8.e3 b6
9.Bd3 Bb7 10.O-O d6 11.Nd2 Qh4 12.f3 Nxd2 13.Bxd2 Nd7 14.b4 c5 15.Bc3 Qh5
16.Rad1  1/2-1/2

[Event "GRE-ch"]
[Site "GRE"]
[Date "1993.??.??"]
[Round "8"]
[White "Grivas, Efstratios"]
[Black "Pandavos, Emanouel"]
[Result "1-0"]
[WhiteElo "2505"]
[BlackElo "2335"]

1.d4 Nf6 2.c4 e6 3.Nf3 Bb4+ 4.Nbd2 O-O 5.a3 Bxd2+ 6.Qxd2 b6 7.e3 Bb7 8.Be2 d5
9.b3 Nbd7 10.O-O Rc8 11.Bb2 Ne4 12.Qc2 f5 13.Nd2 Rf6 14.f3 Nxd2 15.Qxd2 Rh6
16.Rf2 Qe7 17.a4 c5 18.a5 Rc7 19.axb6 axb6 20.dxc5 bxc5 21.Bf1 Qd6 22.f4 Qe7
23.Qa5 Nf6 24.Bxf6 Rxf6 25.Rd2 Rf8 26.Qb6 Rd8 27.Ra7 Rdd7 28.h3 g6 29.Kh2 Kg7
30.Be2 Qd6 31.Qxd6 Rxd6 32.Bf3 Rcd7 33.Kg3 Kf6 34.Rc2 Ke7 35.Ra5 dxc4 36.bxc4 Bxf3
37.Kxf3 Rc7 38.Rb2 Rd8 39.Rbb5 Rdc8 40.Rb6 Kf6 41.Raa6 Re8 42.Rd6 Kf7 43.g4 Rce7
44.Rac6 Ra8 45.Rxc5 Ra2 46.Re5 h5 47.Kg3 Ra1 48.gxh5 gxh5 49.Rd8 Kg7 50.c5 Rc1
51.Kh4 Rh1 52.Rc8 Kh7 53.e4 fxe4 54.Rxe4 Kg6 55.Rg8+ Kf5 56.Rc4 Rc7 57.Rg5+ Kf6
58.c6 Rd1 59.Rxh5 Rd6 60.Rhc5 Rd3 61.Kg4 Rd6 62.h4 Rd1 63.h5 Rf1 64.Rc3 Rf2
65.Rg5 Rg2+ 66.Kf3 Rh2 67.Kg3 Rh1 68.Rg6+ Kf7 69.Rh6 Kg7 70.Rxe6 Rxh5 71.Kg4 Rh1
72.Rd6 Kf7 73.Rcd3 Re7 74.Rd7 Rc1 75.R3d6 Rc5 76.Rxe7+ Kxe7 77.Rh6 Kf7 78.f5 Rc1
79.Kf4 Rc5 80.Kg5 Kg7 81.Rd6 Kf7 82.Re6 Rc4 83.Rd6 Rc5 84.Kf4 Ke7 85.Rh6 Kf7
86.Ke4 Ke7 87.Re6+ Kf7 88.Kd4 Rxf5 89.Re3 Rh5 90.c7  1-0

[Event "GRE-ch"]
[Site "GRE"]
[Date "1993.??.??"]
[Round "9"]
[White "Vragoteris, Antonios"]
[Black "Kotronias, Vasilios"]
[Result "0-1"]
[WhiteElo "2290"]
[BlackElo "2590"]

1.d4 Nf6 2.c4 e6 3.Nf3 Bb4+ 4.Nbd2 b6 5.e3 Bb7 6.a3 Bxd2+ 7.Qxd2 d6 8.Be2 Nbd7
9.b3 Qe7 10.Bb2 O-O 11.O-O Rae8 12.Rfe1 Ne4 13.Qc2 f5 14.Bf1 Ndf6 15.Rad1 Ng4
16.Re2 Rf6 17.d5 Rh6 18.h3 exd5 19.cxd5 Qf7 20.Qd3 Qg6 21.g3 Ngxf2 22.Rxf2 Qxg3+
23.Rg2 Qxf3 24.Rxg7+ Kf8 25.Rg2 Rg6 26.Qd4 Re5 27.Rxg6 Qf2+ 28.Kh1 hxg6 29.Bg2 Bxd5  0-1

[Event "Groningen op"]
[Site "Groningen"]
[Date "1993.??.??"]
[Round "9"]
[White "Pliester, Leon"]
[Black "Van Doeland, Julius H"]
[Result "1-0"]
[WhiteElo "2420"]
[BlackElo "2290"]

1.d4 Nf6 2.c4 e6 3.Nf3 Bb4+ 4.Nbd2 O-O 5.e3 d5 6.a3 Bxd2+ 7.Bxd2 Ne4 8.Be2 Nxd2
9.Qxd2 Nd7 10.O-O dxc4 11.Bxc4 c5 12.Rfd1 cxd4 13.Qxd4 Qe7 14.Rac1 a6 15.Ba2 Nb8
16.Ne5 Nc6 17.Nxc6 bxc6 18.Bb1 Bb7 19.Qd7 Rfe8 20.Be4 Kf8 21.Bxc6 Qxd7 22.Rxd7 Bxc6
23.Rxc6 Red8 24.Rxa6 Rxd7 25.Rxa8+ Ke7 26.g4  1-0

[Event "Hastings op9394"]
[Site "Hastings"]
[Date "1993.??.??"]
[Round "?"]
[White "Tseitlin, Mikhail S"]
[Black "Clarke, Stuart"]
[Result "1/2-1/2"]
[WhiteElo "2495"]
[BlackElo "2300"]

1.d4 e6 2.c4 Nf6 3.Nf3 Bb4+ 4.Nbd2 b6 5.e3 O-O 6.Bd3 Bb7 7.O-O Bxd2 8.Bxd2 d6
9.Qc2 Nbd7 10.Rad1 Qe7 11.Bc3 e5 12.dxe5 Nxe5 13.Nxe5 dxe5 14.Rd2 Qe6 15.Re1 Rfe8
16.e4 Nh5 17.g3 Rad8 18.Bf1 Rxd2 19.Qxd2 Qe7 20.Re3 Nf6 21.f3 a5 22.b3 Nd7
23.Re1 Nf8 24.Rd1 Qc5+ 25.Qf2 Qe7 26.c5 bxc5 27.Bc4 Ra8 28.a4 Ba6 29.Bd5 Rd8
30.Rd2 h6 31.Bxa5 Ne6 32.Bxe6 Rxd2 33.Qxd2 Qxe6 34.Qd8+ Kh7 35.Qd5 Qxd5 36.exd5 Bb7
37.Bxc7 Bxd5 38.Bxe5 Bxb3 39.a5 Bd5 40.Kf2 Kg6 41.Ke3 h5 42.a6 f6 43.Bd6 c4
44.f4 Kf5 45.Kd4 Bf3 46.Bf8 g5 47.fxg5 fxg5 48.h3 g4 49.h4 Ke6 50.Ke3 c3
51.Bh6 c2 52.Kd3 Kd6 53.Kd4 Kc6 54.Bf4 Be2 55.a7 Bf3 56.Kd3 Kd7 57.Kxc2 Kc8
58.Kd3 Kb7 59.Be3 Bc6  1/2-1/2

[Event "Heraklio op"]
[Site "Heraklio"]
[Date "1993.??.??"]
[Round "3"]
[White "Averkin, Orest N"]
[Black "Tzoumbas, Anastasios"]
[Result "0-1"]
[WhiteElo "2500"]
[BlackElo "2215"]

1.d4 Nf6 2.Nf3 e6 3.c4 Bb4+ 4.Nbd2 b6 5.e3 Bb7 6.Bd3 O-O 7.O-O d5 8.a3 Be7
9.b4 c5 10.bxc5 dxc4 11.Nxc4 bxc5 12.Rb1 Bd5 13.Ncd2 cxd4 14.e4 Bc6 15.Qc2 Nfd7
16.e5 h6 17.Ne4 Nb6 18.Re1 Qd5 19.Bf4 N8d7 20.Qd2 Rfd8 21.Bxh6 Nxe5 22.Nxe5 Qxe5
23.Ng3 Qf6 24.Bf4 Nd5 25.Be5 Qh6 26.Qxh6 gxh6 27.Be4 Bxa3 28.Bxd4 a5 29.Rec1 Bxc1
30.Rxc1 Rac8 31.Nh5 f5 32.Bf3 Kf7 33.Ra1 Ne7 34.Bb6 Bxf3 35.gxf3 Rd6 36.Be3 Ra8
37.Ra4 Nd5 38.Bxh6  0-1

[Event "Heraklio summer"]
[Site "Heraklio"]
[Date "1993.??.??"]
[Round "8"]
[White "Porfiriadis, Sotirios"]
[Black "Petraki, Maria"]
[Result "1-0"]
[WhiteElo "2320"]
[BlackElo "2045"]

1.d4 e6 2.c4 Nf6 3.Nf3 Bb4+ 4.Nbd2 b6 5.a3 Bxd2+ 6.Bxd2 Bb7 7.g3 d6 8.Bg2 Nbd7
9.O-O a5 10.b4 axb4 11.axb4 O-O 12.Qb3 Ne4 13.Be3 Qe7 14.Qb2 f5 15.Rxa8 Bxa8
16.Ne1 e5 17.Nd3 f4 18.gxf4 exf4 19.Bxf4 g5 20.Bc1 g4 21.d5 Ng5 22.Qd4 Nh3+
23.Kh1 Qxe2 24.Bxh3 gxh3 25.Rg1+ Kf7 26.Qg7+ Ke8 27.Re1 Qxe1+ 28.Nxe1 Rxf2
29.Kg1 Rf7 30.Qh8+ Rf8 31.Qxh7 b5 32.Bh6 Rf7 33.Qh8+ Nf8 34.Bxf8 Rxf8 35.Qxh3 bxc4
36.Qc8+  1-0

[Event "HUN-chT2"]
[Site "HUN"]
[Date "1993.??.??"]
[Round "?"]
[White "Kiss, Pal"]
[Black "Horvath, Istvan"]
[Result "1-0"]
[WhiteElo "2390"]
[BlackElo "2245"]

1.d4 Nf6 2.c4 e6 3.Nf3 Bb4+ 4.Nbd2 d5 5.a3 Be7 6.Qc2 O-O 7.e4 dxe4 8.Nxe4 Nxe4
9.Qxe4 c5 10.dxc5 Bxc5 11.b4 Be7 12.Bb2 f5 13.Qe3 Bf6 14.Rd1 Qe7 15.Be5 Bxe5
16.Nxe5 Nd7 17.c5 f4 18.Qd4 Nxe5 19.Qxe5 Rf5 20.Qd6 Qxd6 21.Rxd6 a5 22.Bd3 Re5+
23.Kd2 axb4 24.axb4 Ra2+ 25.Kc3 Rd5 26.Rxd5 exd5 27.Kd4 Rd2 28.Kc3 Rxf2 29.Ra1 Kf7
30.Ra8 Bd7 31.Ra7 Bc6 32.b5 Ke6 33.bxc6 bxc6 34.Rxg7  1-0

[Event "HUN-chT2"]
[Site "HUN"]
[Date "1993.??.??"]
[Round "?"]
[White "Kiss, Pal"]
[Black "Magyar, Otto"]
[Result "1-0"]
[WhiteElo "2390"]
[BlackElo "2390"]

1.d4 Nf6 2.c4 e6 3.Nf3 Bb4+ 4.Nbd2 b6 5.a3 Bxd2+ 6.Bxd2 Bb7 7.Bg5 d6 8.e3 Nbd7
9.Bh4 h6 10.Nd2 Qe7 11.f3 e5 12.d5 g5 13.Bg3 e4 14.f4 a5 15.b3 a4 16.Be2 b5
17.O-O bxc4 18.bxc4 Nc5 19.Qc2 O-O 20.Qc3 Nh7 21.f5 Nf6 22.Rab1 Bc8 23.Qd4 Bd7
24.Rb4 Rfe8 25.Nb1 Nb3 26.Qb2 Reb8 27.Bd1 Rc8 28.Bxb3 axb3 29.Rxb3 Ra4 30.Rb4 Ra5
31.Be1 Ng4 32.Qe2 Ne5 33.Qh5 Kh7 34.Bc3 Be8 35.f6 Qd7 36.Bxe5 dxe5 37.Nc3  1-0

[Event "Katerini GP"]
[Site "Katerini"]
[Date "1993.??.??"]
[Round "3"]
[White "Grivas, Efstratios"]
[Black "Angelis, Mihail"]
[Result "1-0"]
[WhiteElo "2505"]
[BlackElo "2275"]

1.d4 Nf6 2.c4 e6 3.Nf3 Bb4+ 4.Nbd2 d5 5.Qc2 O-O 6.a3 Be7 7.g3 a5 8.Bg2 Nc6
9.O-O dxc4 10.Qxc4 a4 11.Rd1 Bd7 12.Qd3 h6 13.Nc4 Na5 14.Nxa5 Rxa5 15.Ne5 Bb5
16.Qc2 Qb8 17.Bf4 Nd5 18.Bd2 Ra6 19.e4 Nf6 20.Bc3 Rd8 21.Rd2 Be8 22.d5 exd5
23.exd5 Nd7 24.Ng4 Nf6 25.Re1 Bf8 26.Bxf6 gxf6 27.Qf5 Bg7 28.Be4 Kf8 29.Qh7 f5
30.Bxf5 Bd7 31.Bxd7 Rxd7 32.Ne5 Rd8 33.Qf5 Bxe5 34.Qxe5 Kg8 35.Rd4 Qc8 36.Ree4 Qd7
37.d6 f5 38.dxc7  1-0

[Event "Katowice op"]
[Site "Katowice"]
[Date "1993.??.??"]
[Round "8"]
[White "Fominyh, Alexander"]
[Black "Nielsen, Peter Heine"]
[Result "1/2-1/2"]
[WhiteElo "2505"]
[BlackElo "2440"]

1.d4 Nf6 2.Nf3 e6 3.c4 Bb4+ 4.Nbd2 O-O 5.g3 c5 6.dxc5 Na6 7.Bg2 Nxc5 8.O-O b6
9.a3 Bxd2 10.Bxd2 Bb7 11.Be3 Qe7 12.Rc1 Rfd8 13.b4 Nce4 14.Ne5 d6 15.Nd3 d5
16.cxd5 Bxd5 17.Bd4 Rac8 18.Rxc8 Rxc8 19.f3 Nc3 20.Qc2 Bb7 21.Qd2 Nb5 22.Bb2 Nd6
23.Ne5 Nfe8 24.Rc1 Rc7 25.Rxc7 Qxc7 26.Bh3 Qc8 27.Qc1 Qxc1+ 28.Bxc1 Kf8 29.e4 Ke7
30.Kf2 f6 31.Ng4 Nc4 32.Bf1 Ned6 33.a4 a6 34.Ne3 b5 35.a5 Nxe3 36.Bxe3 e5
37.h4 Bc8 38.Bc5 Be6 39.Ke3 Kd7 40.f4 Nc4+ 41.Kf2 Nd6 42.Kf3 h5 43.f5 Bc4
44.Bg2 Bb3 45.Ke2 Bc4+ 46.Ke3 Bf7 47.Bf3 Nc4+ 48.Ke2 Ke8 49.g4 hxg4 50.Bxg4 Na3
51.Ke3 Nc4+ 52.Kd3 Na3 53.Kd2 Nc4+ 54.Kc3 Na3 55.Bd1 Nb1+ 56.Kd3 Na3 57.h5 Nc4
58.Kc3 Na3 59.Be2 Nc4 60.Bg4 Na3 61.Bd1 Nb1+  1/2-1/2

[Event "Katowice op"]
[Site "Katowice"]
[Date "1993.??.??"]
[Round "8"]
[White "Twardon, Marian"]
[Black "Nikolenko, Oleg"]
[Result "0-1"]
[WhiteElo "2355"]
[BlackElo "2460"]

1.d4 e6 2.Nf3 Nf6 3.c4 Bb4+ 4.Nbd2 b6 5.a3 Bxd2+ 6.Qxd2 Bb7 7.e3 d6 8.Be2 O-O
9.b4 Nbd7 10.Bb2 Ne4 11.Qd3 f5 12.O-O Rf6 13.d5 Rg6 14.dxe6 Nf8 15.Ne1 Nxe6
16.f3 Qg5 17.f4 Qh4 18.Qc2 Rh6 19.Nf3 Qh5 20.c5 bxc5 21.Rad1 g5 22.h3 g4
23.Nh2 Qh4 24.Nxg4 fxg4 25.Bxg4 Rg6 26.f5 Rxg4 27.fxe6 Qg3 28.Rde1 Nd2  0-1

[Event "Komotini GP"]
[Site "Komotini"]
[Date "1993.??.??"]
[Round "4"]
[White "Rajkovic, Dusan"]
[Black "Tzoumbas, Anastasios"]
[Result "1-0"]
[WhiteElo "2455"]
[BlackElo "2215"]

1.d4 Nf6 2.c4 e6 3.Nf3 Bb4+ 4.Nbd2 b6 5.a3 Bxd2+ 6.Qxd2 O-O 7.g3 Bb7 8.Bg2 d6
9.b3 Nbd7 10.Bb2 Qe7 11.O-O a5 12.Rad1 Rfd8 13.Rfe1 c5 14.d5 e5 15.Nh4 a4
16.Nf5 Qf8 17.b4 cxb4 18.axb4 a3 19.Ba1 Ra4 20.Qc3 Ne8 21.e4 Nc7 22.Rc1 Na6
23.Rb1 Rc8 24.Bf1 Rc7 25.Rb3 g6 26.Ne3 Qa8 27.Nc2 b5 28.Rxa3 Nb6 29.Rxa4 Nxa4
30.Qb3 Qc8 31.c5 dxc5 32.Bxb5 Nb6 33.Bxe5 Re7 34.Bd6 Bxd5 35.exd5  1-0

[Event "Komotini GP"]
[Site "Komotini"]
[Date "1993.??.??"]
[Round "8"]
[White "Demirel, Tolga"]
[Black "Tzoumbas, Anastasios"]
[Result "0-1"]
[WhiteElo "2310"]
[BlackElo "2215"]

1.d4 Nf6 2.c4 e6 3.Nf3 Bb4+ 4.Nbd2 b6 5.g3 Bb7 6.Bg2 O-O 7.O-O d6 8.Qc2 Nbd7
9.e4 Bxd2 10.Nxd2 e5 11.d5 a5 12.b3 Qe7 13.Nf3 Nc5 14.Nh4 Bc8 15.Bd2 Bd7
16.Rae1 Nh5 17.Bf3 Nf4 18.gxf4 Qxh4 19.f5 g6 20.Bg2 gxf5 21.exf5 f6 22.f4 Qh5
23.fxe5 fxe5 24.f6 Qg6 25.Qxg6+ hxg6 26.Bh6 Rf7 27.Bg7 Bf5 28.Rxf5 gxf5 29.Bh3 f4
30.Bf5 Rxg7+ 31.fxg7 Kxg7 32.Kf2 Kf6 33.Bc2 Rh8 34.Kg2 Rb8 35.a4 Rg8+ 36.Kf3 Rh8
37.Re2 Nxb3 38.Bxb3 Rh3+ 39.Ke4 Rxb3 40.h4 Rh3  0-1

[Event "La Coruna op"]
[Site "La Coruna"]
[Date "1993.??.??"]
[Round "?"]
[White "Komljenovic, Davor"]
[Black "Kurajica, Bojan"]
[Result "1/2-1/2"]
[WhiteElo "2450"]
[BlackElo "2550"]

1.d4 Nf6 2.c4 e6 3.Nf3 Bb4+ 4.Nbd2 b6 5.a3 Bxd2+ 6.Bxd2 Bb7 7.g3 c5 8.dxc5 bxc5
9.Bg2 O-O 10.O-O a5 11.b4 axb4 12.axb4 Ne4 13.Rxa8 Bxa8 14.b5 d5 15.Qa1 Nd7
16.Ba5 Qb8 17.cxd5 Bxd5  1/2-1/2

[Event "Las Palmas-C"]
[Site "Las Palmas"]
[Date "1993.??.??"]
[Round "3"]
[White "Solana Suarez, Ernesto"]
[Black "Giffard, Nicolas"]
[Result "1/2-1/2"]
[WhiteElo "2335"]
[BlackElo "2380"]

1.d4 Nf6 2.c4 e6 3.Nf3 Bb4+ 4.Nbd2 b6 5.e3 Bb7 6.Bd3 O-O 7.O-O d5 8.a3 Be7
9.b3 c5 10.cxd5 exd5 11.Bb2 Nbd7 12.Qe2 a6 13.Rfd1 Re8 14.Nf1 Bd6 15.Ng3 g6
16.dxc5 bxc5 17.b4 c4 18.Bc2 Qe7 19.Qd2 Bc7 20.Qd4 Ne5 21.Nxe5 Bxe5 22.Qxe5 Qxe5
23.Bxe5 Rxe5 24.Ne2 Re7 25.Nc3 Bc6 26.Ba4 Bb7 27.Bc2 Bc6 28.Ba4 Bb7 29.Rd4 Kg7
30.Bd1 a5 31.b5 Rc8 32.Bf3 Rc5 33.Rb1 Re5 34.Na4 Rc8 35.Nc3 Rc5 36.Rbd1 h5
37.h4 Kf8 38.Kf1  1/2-1/2

[Event "SWE-ch"]
[Site "Lindesberg"]
[Date "1993.??.??"]
[Round "10"]
[White "Eriksson, Magnus"]
[Black "Eriksson, Anders"]
[Result "1-0"]
[WhiteElo "2365"]
[BlackElo "2355"]

1.d4 Nf6 2.c4 e6 3.Nf3 Bb4+ 4.Nbd2 b6 5.e3 Bb7 6.Bd3 c5 7.O-O cxd4 8.Nxd4 O-O
9.a3 Be7 10.e4 Nc6 11.N4f3 d6 12.Qe2 Re8 13.b3 Nd7 14.Rb1 Bf6 15.Re1 Rc8
16.Nf1 g6 17.Bh6 Bg7 18.Qd2 Bxh6 19.Qxh6 Qf6 20.Rbd1 Rcd8 21.Bc2 Nf8 22.Ne3 Qg7
23.Qh4 f6 24.Rd2 g5 25.Qh5 Ng6 26.g3 Nge5 27.Red1 Qe7 28.Ne1 Ng6 29.N1g2 Bc8
30.f4 gxf4 31.gxf4 e5 32.f5 Nf8 33.Nd5 Qg7 34.Rd3 Nd4 35.Rg3  1-0

[Event "SWE-ch"]
[Site "Lindesberg"]
[Date "1993.??.??"]
[Round "12"]
[White "Barkhagen, Jonas"]
[Black "Eriksson, Anders"]
[Result "1/2-1/2"]
[WhiteElo "2430"]
[BlackElo "2355"]

1.d4 Nf6 2.c4 e6 3.Nf3 Bb4+ 4.Nbd2 b6 5.g3 Bb7 6.Bg2 O-O 7.O-O d5 8.Ne5 Nbd7
9.Ndf3 Bd6 10.Bg5 Qe8 11.Rc1 Ne4 12.Bf4 f6 13.Nxd7 Qxd7 14.Bxd6 cxd6 15.Nd2 Nxd2
16.Qxd2 dxc4 17.Bxb7 Qxb7 18.Rxc4 Rac8 19.Rfc1 Rxc4 20.Rxc4 d5 21.Rc2 Rc8
22.e3 Kf7 23.Qc1 Rxc2 24.Qxc2 h6 25.h4 Qd7 26.Qc3 a5 27.b3 Ke7 28.Qc1  1/2-1/2

[Event "Lisboa-ch"]
[Site "Lisboa"]
[Date "1993.??.??"]
[Round "4"]
[White "Pinho, Paulo"]
[Black "Oliveira, Antonio"]
[Result "0-1"]
[WhiteElo "2195"]
[BlackElo "2290"]

1.d4 Nf6 2.c4 e6 3.Nf3 Bb4+ 4.Nbd2 b6 5.g3 Bb7 6.Bg2 O-O 7.O-O d5 8.Ne5 Nbd7
9.Ndf3 dxc4 10.Qa4 c5 11.Rd1 Nxe5 12.dxe5 Qe8 13.Qc2 Be4 14.Qxc4 b5 15.Qb3 Nd5
16.a3 c4 17.Qa2 Bc5 18.Ng5 Bxg2 19.Kxg2 Qc6 20.f3 h6 21.Ne4 Be3 22.Bd2 Rfd8
23.Qb1 Bxd2 24.Rxd2 Ne3+ 25.Kh1 Rxd2 26.Nxd2 Rd8 27.Qe4 Qxe4 28.Nxe4 Rd1+
29.Rxd1 Nxd1 30.Kg1 Nxb2 31.Kf1 Na4 32.Nd6 a6 33.Ne8 Kf8 34.Nc7 Nc5 35.Ke1 Ke7  0-1

[Event "Wch Team"]
[Site "Luzern"]
[Date "1993.??.??"]
[Round "6"]
[White "Hjartarson, Johann"]
[Black "Kortschnoj, Viktor"]
[Result "1/2-1/2"]
[WhiteElo "2605"]
[BlackElo "2625"]

1.d4 Nf6 2.c4 e6 3.Nf3 Bb4+ 4.Nbd2 d5 5.Qa4+ Nc6 6.e3 O-O 7.a3 Bxd2+ 8.Bxd2 Re8
9.Bc3 Ne4 10.Qc2 Qf6 11.Rc1 Bd7 12.b4 Nxc3 13.Qxc3 e5 14.dxe5 Nxe5 15.Nxe5 Rxe5
16.cxd5 c6 17.Be2 Rxd5 18.Qxf6 gxf6 19.O-O Be6 20.Rfd1  1/2-1/2